000 00340nam a2200145Ia 4500
008 230718s9999 xx 000 0 und d
041 _aEng.
082 _a347.052
_bMEH-T
100 _aMehmood.M
245 4 _aThe limitation act ,1908
260 _aPakistan
_bAl Qanoon Publishers
_c2012
300 _a1200
650 _aLaw
999 _c29911
_d29911